Educación sobre población en las escuelas elementales y secundarias de E.U.A

שמור ב:
מידע ביבליוגרפי
מחבר ראשי: Viederman, Stephen (Author)
פורמט: ספר
שפה:ספרדית
יצא לאור: Ciudad de México s.n 1973
נושאים:
תגים: הוספת תג
אין תגיות, היה/י הראשונ/ה לתייג את הרשומה!

MARC

LEADER 00000nam a2200000 a 4500
001 UCY8042
003 CL-VaPUC
008 950623e19730000MX |||||||||||||||||spa|d
082 0 4 |a 306.43  |b VIE  |2 21 
100 0 |a Viederman, Stephen  |e author  |9 339129 
245 1 0 |a Educación sobre población en las escuelas elementales y secundarias de E.U.A 
300 |a 51 p 
942 |c BK 
945 |d 19950623 00:00:00  |a cmena 
260 |a Ciudad de México  |b s.n  |c 1973 
500 |a Este trabajo aparece en U.S. Commission on Population Growth and the American Future. Aspects of population growth policy, v.6 de Commission Research Reports 
650 0 |a Sociología de la educación   |9 260380 
650 0 |a Población  |9 257577 
650 0 |a Educación básica   |9 224933 
650 0 |a Educación ambiental  |9 262920 
650 0 |a Educación sexual  |9 308005 
650 7 |a MEDIO FAMILIAR  |2 CL-VaPUC  |9 337153 
650 0 |a Vida familiar  |9 308049 
651 0 |a Estados Unidos  |9 255178 
583 |a last modification  |c 20120902 08:22:02  |k Rodrigo Vera 
999 |c 235328  |d 235326 
952 |0 0  |1 0  |4 0  |6 306_430000000000000_VIE_1973  |7 0  |8 A  |9 242674  |a BIBEDU  |b BIBEDU  |d 2019-11-18  |i 1521802  |o 306.43 VIE 1973  |p 1521802  |r 2019-11-18  |w 2019-11-18  |y BK  |k EDU